Modern control theory
Αποθηκεύτηκε σε:
| Κύριος συγγραφέας: | |
|---|---|
| Μορφή: | Βιβλίο |
| Γλώσσα: | English |
| Δημοσίευση: |
Englewood Cliffs, N.J. :
Prentice-Hall,
c1985
|
| Έκδοση: | 2nd ed. |
| Σειρά: | QPI series
|
| Θέματα: | |
| Ετικέτες: |
Προσθήκη ετικέτας
Δεν υπάρχουν, Καταχωρήστε ετικέτα πρώτοι!
|
MARC
| LEADER | 00000cam a2200000 i 4500 | ||
|---|---|---|---|
| 001 | 1/63235 | ||
| 008 | 941103s1985 eng d | ||
| 020 | |a 0135903165 | ||
| 035 | |l 10046755 | ||
| 035 | |a 1987 | ||
| 040 | |a GR-MY-UA |b gre |e aacr | ||
| 041 | 0 | |a eng | |
| 082 | 0 | |a 629.8312 | |
| 100 | 1 | |a Brogan, William L. | |
| 245 | 1 | 0 | |a Modern control theory / |c William L. Brogan |
| 250 | |a 2nd ed. | ||
| 260 | |a Englewood Cliffs, N.J. : |b Prentice-Hall, |c c1985 | ||
| 300 | |a xv, 509 p.; |b ill.; |c 24 cm. | ||
| 490 | 1 | |a QPI series | |
| 500 | |a Series statement appears only on jacket | ||
| 500 | |a Includes index | ||
| 504 | |a Bibliography: p. 472-478 | ||
| 650 | 0 | 0 | |a Control theory. |
| 830 | 0 | |a QPI series | |
| 852 | |a INST |b SAMOS |e 19941103 |h 629.8312 BRO |p 005300000896 |q 005300000896 |t BK |y 0 | ||
| 909 | |a Σ |b 008373 | ||